Evaluation in education.

Saved in:
Bibliographic Details
New Title:International journal of educational research
Previous Title:Evaluation in education, international progress
Format: Journal
Language:English
Published: Oxford ; New York : Pergamon, ©1979-©1985.
Series:Pergamon reviews in educational evaluation.
Subjects:
Tags: Add Tag
No Tags, Be the first to tag this record!

MARC

LEADER 00000cas a2200000 a 4500
001 11272781
005 20200909100120.0
007 cr un|||||||||
008 790516d19791985enktr p 0 a0eng c
010 |a  83643099  
016 7 |a 010107320  |2 DE-101 
016 7 |a 8172-3  |2 DE-600 
022 0 |a 0191-765X  |l 0191-765X  |2 1 
035 |a (OCoLC)ocm04967869  
040 |a NSD  |b eng  |c NSD  |d MUL  |d NST  |d DLC  |d NST  |d DLC  |d AIP  |d NST  |d NSD  |d DLC  |d NST  |d FUG  |d NST  |d DLC  |d NST  |d NSD  |d NST  |d HUL  |d NST  |d OCLCQ  |d DLC  |d CUS  |d INU  |d NLGGC  |d GUA  |d OCLCQ  |d GBVCP  |d OCLCO  |d OCLCF  |d BEDGE  |d GILDS  |d OCLCO  |d OCLCQ 
042 |a pcc  |a nsdp 
050 0 0 |a LB2845  |b .E9 
082 0 4 |a 379.1/54  |2 19 
210 0 |a Eval. educ. 
222 0 |a Evaluation in education 
245 0 0 |a Evaluation in education. 
260 |a Oxford ;  |a New York :  |b Pergamon,  |c ©1979-©1985. 
300 |a 7 volumes :  |b illustrations ;  |c 25 cm. 
310 |a Three times a year 
336 |a text  |b txt  |2 rdacontent 
337 |a unmediated  |b n  |2 rdamedia 
338 |a volume  |b nc  |2 rdacarrier 
362 0 |a Vol. 3, no. 1 (1979)-v. 9, no. 3 (1985). 
490 1 |a Pergamon reviews in educational evaluation 
500 |a "An international review series." 
530 |a Also issued online and on microform. 
590 |a SERBIB/SERLOC merged record 
650 0 |a Educational evaluation  |v Periodicals. 
650 0 |a School environment  |x Evaluation  |v Periodicals. 
650 0 |a Curriculum evaluation  |v Periodicals. 
650 7 |a Education.  |2 eclas 
650 7 |a Evaluation.  |2 eclas 
650 7 |a Publications périodiques.  |2 eclas 
650 7 |a Curriculum evaluation.  |2 fast  |0 (OCoLC)fst00885377 
650 7 |a Educational evaluation.  |2 fast  |0 (OCoLC)fst00903437 
650 7 |a School environment  |x Evaluation.  |2 fast  |0 (OCoLC)fst01107380 
650 1 7 |a Onderwijsevaluatie.  |2 gtt 
655 7 |a Periodicals.  |2 fast  |0 (OCoLC)fst01411641 
655 7 |a Periodicals.  |2 lcgft 
776 1 |t Evaluation in education (Online)  |w (DLC) 2007233065  |w (OCoLC)51644313 
776 0 8 |i Online version:  |t Evaluation in education  |w (OCoLC)610584592 
776 0 8 |i Online version:  |t Evaluation in education  |w (OCoLC)610584596 
780 0 0 |t Evaluation in education, international progress  |x 0145-9228  |w (DLC)sc 78000053  |w (OCoLC)3011678 
785 0 0 |t International journal of educational research  |x 0883-0355  |w (DLC) 86648662  |w (OCoLC)12055045 
830 0 |a Pergamon reviews in educational evaluation. 
850 |a ArU  |a AzU  |a CLU  |a CSt  |a CaMWU  |a CaOLU  |a CaOWA  |a CaSSU  |a CoFS  |a DGW  |a DLC  |a DeU  |a FU  |a GEU  |a GU  |a ICarbS  |a INS  |a IaAS  |a KyU  |a LU  |a MChB  |a MH-Ed  |a MiDW  |a MiU  |a MnU  |a MoU  |a NNStJ  |a NcRS  |a NcU  |a NhU  |a NvU  |a OU  |a PU  |a TU  |a WaU  |a WyU 
906 |a 7  |b cbc  |c serials  |d 3  |e ncip  |f 19  |g n-oclcserc 
942 |2 lcc  |c REF 
952 |0 0  |1 0  |2 lcc  |4 0  |7 0  |9 13  |a HOL  |b HOL  |d 2020-09-09  |l 0  |o 379.1/54  |r 2020-09-09 00:00:00  |w 2020-09-09  |y REF 
999 |c 5  |d 5